| 000 | 01036nam0a2200325 i 4500 | ||
|---|---|---|---|
| 001 | RU\NLR\bibl\2029044 | ||
| 005 | 20260406061705.0 | ||
| 010 |
_a9785968420268 _92000 |
||
| 021 |
_aRU _b2013-28354 _91951 |
||
| 035 | _a(NLR Aleph) 002016945 | ||
| 090 |
_a4486003 _c4486003 |
||
| 100 | _a20130426d2013 km y0rusy50 ca | ||
| 101 | 0 | _arus | |
| 102 | _aRU | ||
| 105 | _ay|||||||||||| | ||
| 200 | 1 |
_aАнтивирусный блок сознания _eмантры против психовирусов _fСан Лайт |
|
| 210 |
_aСанкт-Петербург _cВектор _d2013 |
||
| 215 |
_a185 с. _d21 |
||
| 225 | 1 | _aМистерия Изобилия | |
| 333 | _a16+ | ||
| 606 | 1 |
_aЭзотерические учения _91568890 _3RU\NLR\AUTH\66986948 |
|
| 686 | 2 | _aЭ391,0 | |
| 700 | 0 |
_4070 _8rus _7ca _aСан Лайт _3RU\NLR\AUTH\7711901 _9121636 |
|
| 801 | 0 |
_aRU _bNLR _c20130426 _gRCR |
|
| 801 | 1 |
_aRU _bNLR _c20130426 |
|
| 942 | _cBOOK | ||
| 980 | _aNBR | ||